000 00487nam a2200169Ia 4500
008 090711s9999 xx 000 0 und d
082 _b1902
100 _aरामपल्ले टि. के.
245 _aआघात
260 _bगौरी प्रकाशन
_c2000
300 _a160
600 _aरामपल्ले टि. के.
630 _aआघात
700 _aरामपल्ले टि. के.
730 _aआघात
942 _cBOOK
999 _c336924
_d336924